00831nam a2200217 i 450000100060000000300090000600500170001500700030003200800410003524502020007626000540027830000290033249000290036149000340039070000330042470000220045770000500047983000290052983000340055885200210059290316ES-MaACL20250811144313.0t|050119s1934 sp ||||1| spa d00aLeyes penales b: (conforme a los textos oficiales) / cconcordadas, anotadas y con índices completísimos por Mariano Granados y Gregorio Peces-Barba ; con la colaboración de Miguel Carazony. aMadrid : b[s.n.], c1934 (fUnion Poligráfica) a18 t. en 1 v. ; c16 cm.1 aLegislación española1 aCódigos y leyes españolas1 aGranados y Aguirre, Mariano.1 aCarazony, Miguel.1 aPeces-Barba del Brío, Gregorio, d1912-19970 aLegislación española0 aCódigos y leyes españolas aES-MaACLjA-2430